01636nam a2200277 a 450000100060000000300090000600800410001502000150005604000280007108200150009910000590011424501420017326000350031530000110035049000340036159000470039565000630044294200120050599900170051795201500053495201320068495201310081695201320094795201300107995201490120919467CO-ViMGA141112s2004 ck r 000 u spa d a9508021063 aCO-ViMGAbspacCO-ViMGA04a323.4 P3711 aPeralta, María Ines; Reartes, Julia Alejandra92805410aNiñez y derechos : bformación de promotores de derechos de la niñez y la adolescencia : buna propuesta teórica - metodológica aBuenos Aires : bEspacio; 2000 a128 p. aColección Ciencias sociales aForma de adquisición : Premio Mincultura14aDERECHOS DEL NIÑO Y DEL ADOLESCENTE - ENSEÑANZA928055 2ddccBK c28608d28608 00102ddc40708002aMEVIECARbMEVIECARd2015-12-04hVolumen. 1 | 11/jun/2009l0o323.4 P371 p19467r2015-12-04 00:00:00tEj. 1w2015-12-04yBK 00102ddc40708GENaMEBAUPIAbMEBAUPIAcGENd2023-10-30l0o323.352 P27npBUP01265r2023-10-30 19:24:42tEj.1w2023-10-30yBK 00102ddc40708GENaMECUMARAbMECUMARAcGENd2024-05-27l0o323.352P27npCUM00214r2024-05-27 19:54:59tEj.1w2024-05-27yBK 00102ddc40708GENaMEACACIAbMEACACIAcGENd2025-04-28l0o323.352 P27npACA02440r2025-04-28 14:33:41tEj.1w2025-04-28yBK 00102ddc40708GENaMERESTREbMERESTREcGENd2025-07-07l0o323.4 P371pRES00363r2025-07-07 10:58:35tEj.1w2025-07-07yBK 00102ddc40708GENaMECUMARAbMECUMARAcGENd2025-09-22fSALA GENERAL 2Bl0o323.4 P371pMECUM01227r2025-09-22 20:16:00tEj.1w2025-09-22yBK